| 000 | 01053nam a2200253 a 4500 | ||
|---|---|---|---|
| 001 | 72569 | ||
| 003 | BD-RjUL | ||
| 005 | 20211209082258.0 | ||
| 008 | 170521s1976 ne a b 101 0 eng | ||
| 020 |
_a0720405866 : _cfl 74.00 |
||
| 035 | _a(BD-RjUL)72787 | ||
| 040 |
_aDLC _cDLC _dBD-RjUL _beng |
||
| 041 | _aeng | ||
| 082 | 0 | 0 |
_a572.869 _223 _bGEN 1976 |
| 245 | 1 | 4 |
_aThe genetic function of mitochondrial DNA : _bproceedings of the International Bari Conference on the Genetic Function of Mitochondrial DNA, Riva dei Tessali, Italy, 25-29 May, 1976 / _ceditors C. Saccone and A. M. Kroon. |
| 260 |
_aAmsterdam ; _aNew York : _bNorth-Holland Pub. Co., _cc1976. |
||
| 300 |
_axiii, 354 p. : _bill. ; _c24 cm. |
||
| 504 | _aIncludes bibliographical references and index. | ||
| 650 | 0 |
_aMitochondrial DNA _xCongresses. _9214649 |
|
| 700 | 1 |
_aSaccone, C. _9214650 |
|
| 700 | 1 |
_aKroon, A. M. _9214651 |
|
| 711 |
_aInternational Bari Conference on the Genetic Function of Mitochondrial DNA, _cRiva dei Tessali, Italy, _d10th, _e1976. _9214652 |
||
| 942 |
_2ddc _cBK |
||
| 999 |
_c72569 _d72569 |
||